LEADER 02362oam 2200553 a 450 001 9910785275503321 005 20231129201051.0 010 $a0-8276-1031-9 035 $a(CKB)2670000000041527 035 $a(OCoLC)680616284 035 $a(CaPaEBR)ebrary10402762 035 $a(SSID)ssj0000419361 035 $a(PQKBManifestationID)11929546 035 $a(PQKBTitleCode)TC0000419361 035 $a(PQKBWorkID)10382524 035 $a(PQKB)11583689 035 $a(MiAaPQ)EBC3039374 035 $a(MdBmJHUP)muse12608 035 $a(Au-PeEL)EBL3039374 035 $a(CaPaEBR)ebr10402762 035 $a(OCoLC)923704042 035 $a(EXLCZ)992670000000041527 100 $a20001117d2001 uy 0 101 0 $aeng 135 $aurcn||||||||| 181 $ctxt$2rdacontent 182 $cc$2rdamedia 183 $acr$2rdacarrier 200 14$aThe Hasidic parable /$fAryeh Wineman 205 $a1st. ed. 210 1$aPhiladelphia, Penn. :$cJewish Publication Society,$d2001. 215 $a1 online resource (xxv, 191 pages) 300 $aIncludes 40 parables translated from Hebrew. 311 0 $a0-8276-0707-5 320 $aIncludes bibliographical references (p. 185-191). 330 $a"The teachers of Hasidism gave new life to the literary tradition of parable, a story that teaches a spiritual or moral truth. In The Hasidic Parable, acclaimed author Aryeh Wineman takes readers through the great works of the hasidic storytellers." "Telling parables, explains Rabbi Wineman, was a strategy that the hasidic masters used to foster a radical shift in thinking about God, the world, and the values and norms of religious life. Although these parables date back 200 years or more, they deal with moral and religious themes and issues still relevant today. Each is accompanied by notes and commentary by the author that illuminate their ideological significance and their historical roots and background." 606 $aHasidic parables 606 $aHasidic parables$xHistory and criticism 615 0$aHasidic parables. 615 0$aHasidic parables$xHistory and criticism. 676 $a296.1/9 700 $aWineman$b Aryeh$01517127 801 0$bMiAaPQ 801 1$bMiAaPQ 801 2$bMiAaPQ 906 $aBOOK 912 $a9910785275503321 996 $aThe Hasidic parable$93753994 997 $aUNINA LEADER 02149nam0 22004933i 450 001 VAN0219506 005 20230607092652.157 017 70$2N$a9789811397530 100 $a20210930d2019 |0itac50 ba 101 $aeng 102 $aSG 105 $a|||| ||||| 200 1 $aCoherent Multidimensional Spectroscopy$fMinhaeng Cho editor 210 $aSingapore$cSpringer$d2019 215 $axviii, 394 p.$cill.$d24 cm 410 1$1001VAN0021015$12001 $aSpringer series in optical sciences$1210 $aBerlin [etc.]$cSpringer$v226 500 1$3VAN0219511$aCoherent Multidimensional Spectroscopy$91873305 606 $a92C05$xBiophysics [MSC 2020]$3VANC020842$2MF 606 $a00A79 (77-XX)$xPhysics [MSC 2020]$3VANC023182$2MF 606 $a92Exx$xChemistry [MSC 2020]$3VANC025596$2MF 610 $aCMDS spectroscopy$9KW:K 610 $aCoherent laser spectroscopy$9KW:K 610 $aExcitons in semiconductors$9KW:K 610 $aIR spectroscopy of DNA morphology$9KW:K 610 $aLight-harvesting complex proteins$9KW:K 610 $aLithium ion battery electrolyte structures$9KW:K 610 $aMolecular Structure Determination$9KW:K 610 $aMolecular vibration$9KW:K 610 $aNonlinear Spectroscopy$9KW:K 610 $aTHz spectroscopy of solutions$9KW:K 610 $aTHz-IR-Raman spectroscopy of water$9KW:K 610 $aTwo-dimensional spectroscopy$9KW:K 610 $aUltrafast protein dynamics$9KW:K 620 $aSG$dSingapore$3VANL000061 702 1$aCho$bMinhaeng$3VANV186502 712 $aSpringer $3VANV108073$4650 801 $aIT$bSOL$c20240614$gRICA 856 4 $uhttp://doi.org/10.1007/978-981-13-9753-0$zE-book ? Accesso al full-text attraverso riconoscimento IP di Ateneo, proxy e/o Shibboleth 899 $aBIBLIOTECA DEL DIPARTIMENTO DI MATEMATICA E FISICA$1IT-CE0120$2VAN08 912 $fN 912 $aVAN0219506 950 $aBIBLIOTECA DEL DIPARTIMENTO DI MATEMATICA E FISICA$d08CONS e-book 4090 $e08eMF4090 20210930 996 $aCoherent Multidimensional Spectroscopy$91873305 997 $aUNICAMPANIA